Η συνδικαλιστική δραστηριότητα του συλλόγου των φοιτητών του τμήματος Διοίκησης επιχειρήσεων Πανεπιστημίου Αιγαίου στην περίοδο 1985-1989 : [εργασία]
Αποθηκεύτηκε σε:
| Κύριος συγγραφέας: | |
|---|---|
| Μορφή: | Thesis Βιβλίο |
| Γλώσσα: | Greek |
| Δημοσίευση: |
[1996;]
|
| Θέματα: | |
| Ετικέτες: |
Προσθήκη ετικέτας
Δεν υπάρχουν, Καταχωρήστε ετικέτα πρώτοι!
|
MARC
| LEADER | 00000cam a2200000 i 4500 | ||
|---|---|---|---|
| 001 | 1/44688 | ||
| 008 | 960227q1996 gre d | ||
| 035 | |l 10026013 | ||
| 040 | |a GR-MY-UA |b gre |e aacr | ||
| 041 | 0 | |a gre | |
| 082 | 0 | |a 331.8 |2 (22) | |
| 100 | 1 | |a Κέπετζης, Νικόλαος Α. | |
| 245 | 1 | 2 | |a Η συνδικαλιστική δραστηριότητα του συλλόγου των φοιτητών του τμήματος Διοίκησης επιχειρήσεων Πανεπιστημίου Αιγαίου στην περίοδο 1985-1989 : |b [εργασία] / |c Νίκος Κέπετζης |
| 260 | |c [1996;] | ||
| 300 | |a 16 σ.; |c 30 εκ. | ||
| 502 | |a Εργασία - Πανεπιστήμιο Αιγαίου, Τμήμα Διοίκησης Επιχειρήσεων | ||
| 610 | 2 | 0 | |a Πανεπιστήμιο Αιγαίου. |
| 650 | 0 | 0 | |a Students |x Political activity. |
| 650 | 0 | 0 | |a Student movements |z Greece. |
| 650 | 0 | 0 | |a Syndicalism |z Greece. |
| 852 | |a INST |b CHIOS |c PERG |e 19960227 |h 331.8 ΚΕΠ |p 005200000848 |q 005200000848 |t PERG |y 23 | ||
| 901 | |a BIBL2-2000-1 | ||
| 909 | |a Χ |b 042593 | ||
| 924 | |a Κέπετζης |b Νικόλαος Α. |y Χίος |z 1996-02 | ||
| 970 | |a ΠΟΥΛΑΚΗ |b ΣΤΕΛΛΑ |z 2000/03/03 | ||